000 00641nam a2200241Ia 4500
001 dia_1275
003 CHAP
005 20230126114643.0
008 220117s1928 xx 000 0 und d
010 _a171818
040 _cCHAP
082 _a551.5 A53 1928
100 _aAngot, Alfred
_9150413
245 _aTraite Elementaire de Meteorologie /
_c by Alfred Angot
260 _aParis, Gauthier- Villars
_c1928
300 _a420 p
500 _aD.
650 _a1.Meteorología
_9150414
901 _a551.5 A53 1928
902 _aM
905 _a0000001928 EUEX 0000000000ING00
942 _cLIBRO
_2ddc
999 _c171818
_d171818